00699nam a22002057a 450000500170000001000150001702000260003203500140005803700090007208200060008110000230008724500430011025000060015326000360015927000910019530000190028694200200030599900190032595201490034420250724150031.0 aENG-146126 a9788119664375c250.00 aEN-129658 bDBAD aS aSheja, Lini983306 aIs There a GPS to Heaven?/cLini Sheja a1 aBengalurubATC Publishersc2025 a9/12-1, 1st Floor, Lloyd's Road Cooke TownbBengalurue560005madmin@atcpublishers.com a114pc21cm(pb) 2ddccENhSmSHE c212582d212582 001040708FICaJPbJPd2025-07-24eDelivery of Books Act Divisiong250.00l0oS SHEpEN-129658r2025-07-24 00:00:00t1v250.00w2025-07-24yEN